Normal view MARC view

Entry Personal Name

Number of records used in: 1

001 - CONTROL NUMBER

  • control field: 48923

003 - CONTROL NUMBER IDENTIFIER

  • control field: OSt

005 - DATE AND TIME OF LATEST TRANSACTION

  • control field: 20241114145642.0

008 - FIXED-LENGTH DATA ELEMENTS

  • fixed length control field: 241114|| aca||aabn | a|a d

040 ## - CATALOGING SOURCE

  • Original cataloging agency: OSt
  • Transcribing agency: OSt

100 ## - HEADING--PERSONAL NAME

  • Personal name: Tewari, Anirudh

670 ## - SOURCE DATA FOUND

  • Source citation: Work cat.: (OSt): Tewari, Anirudh, Reflections of Ram Sewak: a sangam of the Gita and Shri Ramcharitmanas, 2024

Powered by Koha